000 01062nam a22002537a 4500
005 20120112143825.0
008 120112t xxu||||| |||| 00| 0 mar d
010 _aMAR-21866
020 _c180.00
_a9788184980493
035 _aMR-14524
037 _bDBAD/PUB
040 _aDPL
_bMR
082 _a891.46301
100 _aगोगटे,शुभदा
_939079
245 _aअस्मानी /
_cशुभदा गोगटे
246 _aAsamani
_bby Shubada Gogate
260 _aपुणे
_bमेहता पब्लिशिंग हाऊस
_c2009
270 _a1941,सदाशिव पेठ,
_bपुणे
_e411030
300 _a228पृ.
_c21सेमी(अजिल्द)
650 _aमराठी कथासंग्रह
_939688
650 _aMarathi Short Stories
_939689
942 _2ddc
_cMR
_mगोगटे
_h891.46301
999 _c61205
_d61205